Đôi điều suy nghĩ về ca dao

Gồm những câu nhận xét, đánh giá về các sự kiện, nhân vật, hiện tượng... trong ca dao Việt Nam sắp xếp thành các mục: Đánh giá nhất nhì, so sánh hơn thua và đối ngược

Đã lưu trong:
書目詳細資料
主要作者: Trần Sĩ Huệ
格式: 圖書
語言:Vietnamese
出版: H. Văn hóa dân tộc 2016
主題:
標簽: 添加標簽
沒有標簽, 成為第一個標記此記錄!
Thư viện lưu trữ: Mạng thư viện Đại học Đà Nẵng
LEADER 01385nam a2200361 4500
001 000024780
003 21269
005 20170223090219.0
008 170214s2016 viesd
041 0 |a vie 
082 1 4 |a 398.809597  |b TR-H 
100 1 |a Trần Sĩ Huệ 
245 1 0 |a Đôi điều suy nghĩ về ca dao  |c Trần Sĩ Huệ 
260 |a H.  |b Văn hóa dân tộc  |c 2016 
300 |a 254 tr.  |c 21 cm. 
500 |a ĐTTS ghi: Hội Văn nghệ dân gian Việt Nam 
504 |a Thư mục: tr. 249-250 
520 3 |a Gồm những câu nhận xét, đánh giá về các sự kiện, nhân vật, hiện tượng... trong ca dao Việt Nam sắp xếp thành các mục: Đánh giá nhất nhì, so sánh hơn thua và đối ngược 
650 0 4 |a Ca dao Việt Nam 
650 0 4 |a Văn học dân gian  |z Việt Nam 
653 |a Nghiên cứu văn học 
653 |a Ca dao 
653 |a Việt Nam 
OWN |a LSP 
AVA |a UDN50  |b LSP  |d 398.809597 TR-H  |e available  |t Error 5001 Not defined in file expand_doc_bib_avail.  |f 1  |g 0  |h N  |i 0  |k 1 
999 |a From the UDN01 
AVA |a UDN50  |b LSP  |d 398.809597 TR-H  |e available  |t Error 5001 Not defined in file expand_doc_bib_avail.  |f 1  |g 0  |h N  |i 0  |k 1 
TYP |a Monograph 
TYP |a Printed language 
980 |a Mạng thư viện Đại học Đà Nẵng